ბათუმის შოთა რუსთაველის სახელმწიფო უნივერსიტეტის ბიბლიოთეკა

Дианетика : (ბიბ.ჩანაწერი № 58294)

000 -LEADER
fixed length control field 00612nam a22001817a 4500
005 - DATE AND TIME OF LATEST TRANSACTION
control field 20211027123443.0
008 - FIXED-LENGTH DATA ELEMENTS--GENERAL INFORMATION
fixed length control field 211027s2007 enk||||| |||| 00| 0 rus d
020 ## - INTERNATIONAL STANDARD BOOK NUMBER
International Standard Book Number 9788776871062
041 ## - LANGUAGE CODE
Language code of text/sound track or separate title rus
080 ## - UNIVERSAL DECIMAL CLASSIFICATION NUMBER
Universal Decimal Classification number 159.964 X-12
100 ## - MAIN ENTRY--PERSONAL NAME
Personal name Хаббард, Рональд Лафайет.
9 (RLIN) 12701
245 ## - TITLE STATEMENT
Title Дианетика :
Remainder of title Первоначальные тезисы /
Statement of responsibility, etc. Л. Рон Хаббард.
264 ## - PRODUCTION, PUBLICATION, DISTRIBUTION, MANUFACTURE, AND COPYRIGHT NOTICE
Place of production, publication, distribution, manufacture М. :
Name of producer, publisher, distributor, manufacturer "Нью Эра",
Date of production, publication, distribution, manufacture, or copyright notice 2007.
300 ## - PHYSICAL DESCRIPTION
Extent 277 с. :
Other physical details ил. ;
Dimensions 25 см.
653 ## - INDEX TERM--UNCONTROLLED
keyword დიანეტიკა.
653 ## - INDEX TERM--UNCONTROLLED
keyword საენტოლოგია.
942 ## - ADDED ENTRY ELEMENTS (KOHA)
Source of classification or shelving scheme
Koha item type წიგნი
ეგზემპლარები
Withdrawn status Lost status Source of classification or shelving scheme Damaged status Not for loan Permanent Location Current Location Shelving location Date acquired Cost, normal purchase price Full call number Barcode Date last seen Copy number Price effective from Koha item type Public note
          ბათუმის შოთა რუსთაველის სახელმწიფო უნივერსიტეტის მთავარი ბიბლიოთეკა ბათუმის შოთა რუსთაველის სახელმწიფო უნივერსიტეტის მთავარი ბიბლიოთეკა წიგნსაცავი 2021-10-27 32.87 159.964 X-12 61889 2021-10-27 61889 2021-10-27 წიგნი 32 ლ. 87 თ.